Loading...
| Fine Arts - Classical Music | 6 | 11.67 | 2,417% | 400% | 300% |
| Fine Arts - Other | 3 | 13.33 | 2,700% | 0% | 867% |
| History - American | 1 | 30.00 | 3,600% | 600% | 600% |
| History - European | 2 | 10.00 | 4,050% | 450% | 0% |
| History - Other | 3 | 6.67 | 0% | 267% | 300% |
| History - World | 2 | 10.00 | 0% | 700% | 0% |
| Literature - American | 4 | 10.00 | 1,225% | 225% | 425% |
| Literature - British | 3 | 13.33 | 2,133% | 300% | 567% |
| Literature - European | 5 | 8.00 | 3,240% | 0% | 160% |
| Literature - World | 6 | 10.00 | 1,883% | 100% | 383% |
| Mythology | 2 | 10.00 | 200% | 0% | 450% |
| Other | 4 | 10.00 | 0% | 50% | 525% |
| Religion | 4 | 10.00 | 2,025% | 350% | 200% |
| Science - Biology | 4 | 15.00 | 2,825% | 200% | 625% |
| Science - Chemistry | 3 | 10.00 | 4,333% | 0% | 300% |
| Science - Other | 4 | 10.00 | 900% | 375% | 225% |
| Science - Physics | 4 | 10.00 | 3,250% | 200% | 0% |
| Social Science | 3 | 20.00 | 8,100% | 600% | 300% |